000 00576nam a2200169Ia 4500
008 090201s9999 xx 000 0 und d
010 _aKPL-26750
040 _bमराठी
041 _aमराठी
082 _a23164
_b26750
100 _aभालचंद्र खांडेकर
245 _aज्ञानेश्वरी 17 अध्याय
_cभालचंद्र खांडेकर
260 _c2004
_bअ.ब.क.
300 _a240
_bलहान
600 _aज्ञानेश्वरी 17 अध्याय
942 _cBOOK
999 _c222647
_d222647